El resurgimiento de la criminologa̕ cientf̕ica en Amřica Latina

Detalles Bibliográficos
Autor principal: Serrano Mal̕lo, Alfonso
Otros Autores: Guzmǹ Dalbora, Jos ̌Luis
Formato: eBook
Lenguaje:español
Publicado: Madrid: Dykinson, 2020
Materias:
Acceso en línea:Acceso restringido

MARC

LEADER 00000nam a22000007a 4500
005 20210927211817.0
007 cr|||| ||||
008 210927s2020 pe |||||s|||| 00||0 spa d
020 |a 978-84-1377-376-6 
035 |a 33717 
040 |a vLex 
090 |c 12427  |d 12427 
100 1 |a Serrano Mal̕lo, Alfonso 
245 1 2 |a El resurgimiento de la criminologa̕ cientf̕ica en Amřica Latina  |h [Recurso electrn̤ico] /  |c Alfonso Serrano Mal̕lo, Jos ̌Luis Guzmǹ Dalbora 
256 |a Servicio en ln̕ea 
260 |a Madrid:  |b Dykinson,  |c 2020 
300 |a 1 recurso electrn̤ico 
500 |a Estudios en homenaje al Profesor Ayar Chaparro Guerra con motivo de su 75.ð cumpleaǫs (11.4.2020) Este volumen colectivo se ha editado en homenaje al profesor Ayar Chaparro Guerra. Su labor docente e investigadora se ha repartido a lo largo de las ciencias que estudian el delito y la pena, de modo que aqu ̕presentamos trabajos inďitos sobre Criminologa̕, Derecho penal y Polt̕ica criminal. El profesor Chaparro Guerra ha destacado por su impulso al renacimiento de la Criminologa̕ cientf̕ica en Amřica Latina. Aqu ̕hay que resaltar su labor investigadora y divulgadora, sus denuedos como responsable universitario, en particular como Rector de la Universidad Jos ̌Carlos Marit̀egui, y la organizacin̤ de importantes eventos acadm̌icos, que siempre tuvieron la vocacin̤ de unificar la Criminologa̕ positiva en Amřica Latina. Esta l︢tima tarea ha dado ya algunos frutos, pese a lo vasto del territorio del continente americano, y se reanudar ̀en cuando la pandemia que nos azota lo permita. En el presente libro homenaje participan investigadores de quince universidades. Todos los trabajos que se presentan son originales. Confiamos en que nuestro esfuerzo contribuya a la reclamacin̤ del profesor Chaparro Guerra y, en realidad, de muchos otros investigadores y compaęros, de unas ciencias criminales rigurosas para Amřica Latina. Unas ciencias crt̕icas, sin duda, con la sociedad en que se desarrollan, pero tambiň con ellas mismas; postcoloniales, pero comprometidas con el mundo real y con la verdad, y que despierten emociones de respeto en la actividad polt̕ica y entre las personas cultivadas en general. As ̕podrǹ contribuir eficazmente a las mejoras sociales que tanto necesita la regin̤. Este libro homenaje es entregado con agradecimiento y reconocimiento al profesor Chaparro Guerra por contribuir a las ciencias criminales y en particular a la Criminologa̕ cientf̕ica, positiva andina; por combatir el pensamiento n︢ico y la autocensura; por tomar en serio su alta misin̤ como universitario ejemplar; y, como en el verso de Frost, por invitarnos a tomar la va̕ menos transitada. 
506 1 |a Disponible solo en los productos indicados  |d vLex Global  |d vLex Global (Academic Edition, excluding Law Schools)  |d vLex Global (U.S. Academic Edition, Law Schools)  |d vLex Global (U.S. Academic Edition, excluding Law Schools)  |d vLex Global (Academic Edition, Law Schools) 
650 0 4 |a Derecho Penal  |z Per︢ 
700 1 |a Guzmǹ Dalbora, Jos ̌Luis 
740 0 |a vLex Libros (Servicio en ln̕ea) 
856 4 0 |u https://app.vlex.com/#/sources/33717  |z Acceso restringido 
942 |c BOOK 
999 0 |a Criminal law